Movies Quiz

Random Movies or Baseball Quiz
Score 0/14 Timer 06:00
0 Plays Today
% Correct
Billy Beane
96.9%
Babe Ruth
94.6%
Jackie Robinson
92%
Shoeless Joe Jackson
88.4%
Lou Gehrig
82.6%
Ty Cobb
81.3%
Roger Maris
80.8%
% Correct
Satchel Paige
75.9%
Pete Rose
71.4%
Billy Martin
67%
Buck Weaver
65.2%
Monty Stratton
45.5%
Jimmy Piersall
42.4%
Dizzy Dean
33%

You're not logged in!

Compare scores with friends on all Sporcle quizzes.
OR
Log In

Sporcle TV

Today on Sporcle TV


Watch our educational content, quiz creation guides, and fun videos on Sporcle TV.

Show Comments

Extras

Top Quizzes Today


Score Distribution

Paid Content

Your Account Isn't Verified!

In order to create a playlist on Sporcle, you need to verify the email address you used during registration. Go to your Sporcle Settings to finish the process.

Report this User

Report this user for behavior that violates our Community Guidelines.

Details: